<?xml version="1.0" encoding="UTF-8"?><?xml-stylesheet type="text/xsl" href="static/style.xsl"?><OAI-PMH xmlns="http://www.openarchives.org/OAI/2.0/" xmlns:xsi="http://www.w3.org/2001/XMLSchema-instance" xsi:schemaLocation="http://www.openarchives.org/OAI/2.0/ http://www.openarchives.org/OAI/2.0/OAI-PMH.xsd"><responseDate>2026-04-27T20:11:29Z</responseDate><request verb="GetRecord" identifier="oai:uvadoc.uva.es:10324/75417" metadataPrefix="marc">https://uvadoc.uva.es/oai/request</request><GetRecord><record><header><identifier>oai:uvadoc.uva.es:10324/75417</identifier><datestamp>2025-09-17T09:06:55Z</datestamp><setSpec>com_10324_38</setSpec><setSpec>col_10324_852</setSpec></header><metadata><record xmlns="http://www.loc.gov/MARC21/slim" xmlns:doc="http://www.lyncode.com/xoai" xmlns:xsi="http://www.w3.org/2001/XMLSchema-instance" xmlns:dcterms="http://purl.org/dc/terms/" xsi:schemaLocation="http://www.loc.gov/MARC21/slim http://www.loc.gov/standards/marcxml/schema/MARC21slim.xsd">
<leader>00925njm 22002777a 4500</leader>
<datafield tag="042" ind1=" " ind2=" ">
<subfield code="a">dc</subfield>
</datafield>
<datafield tag="720" ind1=" " ind2=" ">
<subfield code="a">Jiménez Peral, Isaac</subfield>
<subfield code="e">author</subfield>
</datafield>
<datafield tag="260" ind1=" " ind2=" ">
<subfield code="c">2024</subfield>
</datafield>
<datafield tag="520" ind1=" " ind2=" ">
<subfield code="a">El Trabajo de Fin de Grado (TFG) se centra en la aplicación de la pedagogía Jedi, basada en la saga cinematográfica Star Wars, y en la enseñanza del inglés en la Educación Primaria. El objetivo principal es utilizar elementos del universo Star Wars para motivar a los estudiantes y mejorar su aprendizaje del inglés. La metodología empleada incluye la gamificación y el roleplay, aprovechando la rica narrativa y los valores éticos de los Jedi para fomentar tanto habilidades lingüísticas como socioemocionales de los alumnos. El TFG se estructura en varios capítulos que abordan el contexto educativo, la relevancia de la enseñanza del inglés, los principios de la pedagogía Jedi, y una propuesta de intervención didáctica concreta. Se concluye que integrar elementos de la cultura pop en la educación puede enriquecer el proceso de aprendizaje y hacerlo más atractivo para los estudiantes.</subfield>
</datafield>
<datafield tag="024" ind2=" " ind1="8">
<subfield code="a">https://uvadoc.uva.es/handle/10324/75417</subfield>
</datafield>
<datafield tag="245" ind1="0" ind2="0">
<subfield code="a">Una aproximación pedagógica basada en los principios Jedi para la enseñanza del inglés en Educación Primaria</subfield>
</datafield>
</record></metadata></record></GetRecord></OAI-PMH>